000 005620000a22001810004500
003 MACL
005 20160525152949.0
008 160525b xxu||||| |||| 00| 0 eng d
040 _aMACL
_cMACL
041 _aHindi
082 _a891.433
100 _aचतुरसेन, आचार्य
_937332
245 _aआलमगीर
_cआचार्य चतुरसेन
260 _bत्रिमूर्ति प्रकाशन
_c2007
_aदिल्‍ली
350 _a250
650 _aNovel
_959485
942 _cHIN
_k891.433/CHA/N
_2ddc
999 _c11471
_d11471